Chudoba detí na Slovensku bakalárska práca

Na minha lista:
Detalhes bibliográficos
Autor principal: Číková, Zuzana
Autor Corporativo: Národohospodárska fakulta EU. Katedra sociálneho rozvoja a práce
Outros Autores: Šipikalová, Silvia, 1979-
Formato: Livro
Idioma:eslovaco
Publicado em: Bratislava 2016
Tags: Adicionar Tag
Sem tags, seja o primeiro a adicionar uma tag!

MARC

LEADER 00000nbm a2200000 4500
001 0219811
005 20161118110133.8
041 0 |a slo 
044 |a SK 
245 1 0 |a Chudoba detí na Slovensku  |b bakalárska práca  |c Zuzana Číková ; školiteľ: Silvia Šipikalová 
264 1 |a Bratislava  |c 2016 
300 |a 61 s. 
100 1 |a Číková, Zuzana 
700 1 |a Šipikalová, Silvia, 1979- 
710 2 |a Národohospodárska fakulta EU. Katedra sociálneho rozvoja a práce